000 00309 a2200145 4500
001 166824
020 _a
040 _cMagnum
100 _aNamikoshi, Toru
240 1 0 _aShiatsu e alongamento
_lpor
245 1 0 _aShiatsu e alongamento
362 0 _a1899
697 _aCIENCIAS MEDICAS SAUDE
942 _cBK
999 _c166824
_d166824